000 00840nam a22001577a 4500
003 OSt
005 20151006143324.0
008 151006b xxu||||| |||| 00| 0 eng d
040 _cRUA
082 _aAVM NUO 2006 B076 Or.1
100 _92172
_aNUON, SICHHOM.
245 _aAffect of natuzyme supplementation in concertration on growth rate of fattening quail at animal station of royal university of agriculture, ឥទ្ធពលនៃការបន្ថែមNATUZYME ក្នុងចំណីផ្សំលើការលូតលាស់របស់ក្រូចសាច់នៅក្នុងស្ថានីយ៍ចិញ្ចឹមសត្វនៃសាកលវិទ្យាល័យភូមិន្ទកសិកម្ម
260 _aPhnom Penh
_bRUA
_c2006
300 _a44p.
_bill.
_c29cm.
942 _2ddc
_cAVM
999 _c2044
_d2044